000 00768nam a2200265Ia 4500
005 20260121170247.0
008 008 260114s9999 xx 000 0 eng d
020 _a9783319705606
037 _aEBOOK
040 _aCRL
040 _beng
040 _cCRL
041 _2eng
041 _aeng
084 _qCRL
100 _aWalter Leal Filho, Ricardo Noyola-Cherpitel, Pedro Medellín-Milán, Valeria Ruiz Vargas
_91061745
245 0 _aSustainable Development Research and Practice in Mexico and Selected Latin American Countries
260 _bSpringer
260 _bSpringer
260 _c2018
856 _uhttps://link.springer.com/openurl?genre=book&isbn=978-3-319-70560-6
942 _cEBOOK
999 _c1627474
_d1627474